1408 1855 1415 1071 1395 1247 1240 1472 1966 1377 1616 1891 1793 1845 1100 1527 1200 1896 1260 1480 1962 1664 1737 1413 1236 1763 1910 1578 1129 1197 1580 1739 1106 1397 1601 1023 1605 1764 1824 1044 1967 1914 1460 1579 1915 1820 1501 1276 1192 1975 1550 1356 1686 1496 1296 1571 1346 1138 1976 1397 1494 1385 1775 1602 1334 1762 1575 1038 1236 1771 1074 1796 1825 1227 1652 1691 1841 1140 1738 1584 1318 1957 1462 1153 1530 1231 1264 1024 1962 1890 1877 1760 1656 1333 1642 1465 1261 1854 1417 BCNSPRNW ULIB Ver.6.0+V

เปลี่ยนเป็นภาษาไทย

Change to English
 แสดงรายละเอียดบรรณานุกรม
  กลับหน้าหลัก

Brief Record : Get Marc (ISO 2709) : E-mail record : QR code < ปิดหน้าต่าง
LEADER : 00000nam 2200000uu 4500
001    13399122501
003     ULIB
008    020711s2553 th a 000 0 tha d
020    9786167345116
090    นว.^bว285ส
100    วาสนา
110    ลีลาวดี
245    สาวมะนาวหวาน/^cวาสนา
250    พิมพ์ครั้งที่ 1
260    กรุงเทพฯ :^bลีลาวดี,^c2553
300    192 หน้า
945    ^p159^l0^i19960
999    ^aทศพร เกษรทอง
รายการนี้ยังไม่มีแท็ก
คุณยังไม่ได้ล็อกอิน คุณสามารถมีกิจกรรมร่วมกับเว็บไซต์ได้ แต่ต้องล็อกอินก่อน ::
  ล็อกอิน

รายการสื่อสารสนเทศ

ลำดับที่ ประเภท เลขเรียก/บาร์โค้ด สถานที่ สถานะ
1. นวนิยาย
นวนิยาย
นว. ว285ส ฉ.1 
  Barcode: 19960
ห้องสมุดวิทยาเขตสวรรค์ประชารักษ์
►นวนิยาย
บนชั้น
  ขอยืม

รายการใกล้เคียง
    ผู้แต่ง [วาสนา]

BibComment


ยังไม่เคยถูกคอมเมนท์

คอมเมนท์ทรัพยากรรายการนี้
  คอมเมนท์: สาวมะนาวหวาน วาสนา


 Copyright 2026. Bcnsprnw @Library